Quiz der Menschlichen Organe - Statistiken

Allgemein
  • Dieses Quiz wurde 786 mal gespielt
  • Das Durchschnittsergebnis liegt bei 4 aus 6
Antwortstatistiken
Bildquiz Antwort % Korrekt
Herz
92%
Lunge
88%
Leber
75%
Magen
52%
Darm
49%
Nieren
25%
Keine übereinstimmenden Quizze gefunden
Verteilung der Resultate
Anzahl Personen mit jedem Resultat
Perzentil nach korrekt beantworteten Fragen
Ihre Resultats-Entwicklung
Sie haben dieses Quiz noch nicht gespielt